| 000 | 01757nam a2200541 i 4500 | ||
|---|---|---|---|
| 001 | 52755 | ||
| 003 | KOSZ 005 | ||
| 005 | 20191002090815.0 | ||
| 008 | 990217s1998 pl a f f |000 0 pol | ||
| 015 | _aPB 1999/6808 | ||
| 020 | _a837204032X | ||
| 035 | _a991008992569705066 | ||
| 035 | _a(PL-WaBN)b12346780-48omnis_nlop | ||
| 035 | _ab12346780 | ||
| 035 | _a(OCoLC)803930726 | ||
| 035 | _a(PL)b0000001234678 | ||
| 035 | _a(EXLNZ-48OMNIS_NETWORK)9910231974905606 | ||
| 040 |
_aWA N _cWA N _dKOSZ 005/HR |
||
| 046 | _k1998 | ||
| 080 | _a621-192 | ||
| 080 | _a519.876.5 | ||
| 080 | _a(07) | ||
| 100 | 1 |
_aZwierzycki, Wiesław _eAutor |
|
| 245 | 1 | 0 |
_aPrognozowanie niezawodności zużywających się elementów maszyn / _cWiesław Zwierzycki. |
| 260 |
_aRadom : _bInstytut Technologii Eksploatacji, _c[1998]. |
||
| 300 |
_a331, [1] s. : _brys., wykr. ; _c24 cm. |
||
| 336 |
_2rdacontent _aTekst _btxt |
||
| 337 |
_2rdamedia _aBez urządzenia pośredniczącego _bn |
||
| 338 |
_2rdacarrier _aWolumin _bnc |
||
| 380 | _aKsiążki | ||
| 380 | _aPublikacje fachowe | ||
| 388 | _a1901-2000 | ||
| 388 | _a1989-2000 | ||
| 490 | 1 | _aBiblioteka Problemów Eksploatacji | |
| 500 | _aNa s. 4 okł. błędny ISBN. | ||
| 504 | _aBibliogr. s. 309-[332]. | ||
| 650 | 7 |
_aMaszyny _2DBN |
|
| 650 | 7 |
_aNiezawodność urządzeń _2DBN |
|
| 650 | 7 | _aMechanika | |
| 650 | 7 |
_aSymulacja _2DBN |
|
| 650 | 7 |
_aTribologia _2DBN |
|
| 658 | _aInżynieria i technika | ||
| 655 | 7 |
_aPodręcznik _2DBN |
|
| 856 |
_uhttp://koha.tu.koszalin.pl/cgi-bin/koha/opac-detail.pl?biblionumber=52755 _yKatalog online BPK |
||
| 830 | 0 | _aBiblioteka Problemów Eksploatacji | |
| 942 |
_2UKD _cKS |
||
| 999 |
_c52755 _d52755 |
||